Statistics for Dallas Cowboys Trivia

Click here to take the quiz!

General Stats

  • This quiz has been taken 3,141 times
    (2,439 since last reset)
  • The average score is 15 of 20

Answer Stats

QuestionAnswer% Correct
Starting quarterback since 2016Dak Prescott
99%
Nickname of the Dallas Cowboys{America}'s Team
93%
The Cowboys and NFL all-time leader in rushing yardsEmmitt Smith
93%
Only teams with more Super Bowls titles than the CowboysNew England Patriots
92%
Only teams with more Super Bowls titles than the CowboysPittsburgh Steelers
90%
Running back who led NFL in rushing yards in 2016 and 2018Ezekiel Elliott
89%
Owner of the Dallas CowboysJerry Jones
89%
All-time leader in passing yardsTony Romo
87%
Quarterbacks who won a Super Bowl for the CowboysTroy Aikman
87%
Player who notched 1,749 receiving yards in 2023CeeDee Lamb
82%
Former cornerback nicknamed "Primetime"Deion Sanders
82%
Tight end who played in 235 consecutive games from 2003–2017Jason Witten
81%
Quarterbacks who won a Super Bowl for the CowboysRoger Staubach
74%
49ers receiver who disrespected the Cowboys by stepping on
the star logo at midfield
Terrell Owens
72%
The Cowboys' leading receiver during the 1990sMichael Irvin
67%
Cowboys all-time leader in sacks – drafted in 2005DeMarcus Ware
54%
Head coach of the Cowboys from @@@Jimmy Johnson
52%
Running back that the Cowboys traded to the Vikings for a king's ransom in 1989Herschel Walker
49%
Head coach of the Cowboys from 1960–1988Tom Landry
49%
First stadium that the Cowboys played in{Cotton} Bowl
42%

Score Distribution

Percentile by Number Answered

Percent of People with Each Score

Your Score History

You have not taken this quiz since the last reset